Magie: alle liedjes - Statistieken

Algemene statistieken
  • Deze quiz is 7 keer genomen
  • De gemiddelde score is 8 van 12
Antwoordstatistieken
Antwoord % Correct
Magie
100%
Ademnood
75%
Galactisch
75%
Insomnia
75%
Op De Dansvloer
75%
Papa
75%
Paradijs
75%
Ma Chérie
50%
Mysterie
50%
Perfect Voor Mij
50%
Rihanna
50%
Zeg M'n Naam
50%
Geen overeenkomende quizzen gevonden
Scoreverdeling
Procent van Mensen met Elke Score
Percentiel versus Aantal Correcte Antwoorden
Uw Scoregeschiedenis
U heeft deze quiz nog niet genomen